Macromolecules: structure and function
Uloženo v:
| Hlavní autor: | |
|---|---|
| Médium: | Kniha |
| Jazyk: | angličtina |
| Vydáno: |
Englewood Cliffs, USA
Prentice-Hall
1971
|
| Témata: | |
| Tagy: |
Přidat tag
Žádné tagy, Buďte první, kdo vytvoří štítek k tomuto záznamu!
|
MARC
| LEADER | 00000cam a2200000 a 4500 | ||
|---|---|---|---|
| 001 | UCD8043 | ||
| 003 | CL-VaPUC | ||
| 005 | 20211108092416.0 | ||
| 008 | 170422e19710000us |||||||||||||||||eng|d | ||
| 999 | |c 367813 |d 367811 | ||
| 020 | |a 135426138 | ||
| 020 | |a 135426057 | ||
| 040 | |c Pontificia Universidad Católica de Valparaíso | ||
| 082 | 0 | 4 | |a 571.6 WOL 1971 |2 21 |
| 100 | 0 | |a Wold, Finn |9 591901 | |
| 245 | 1 | 0 | |a Macromolecules: structure and function |
| 260 | 0 | 3 | |a Englewood Cliffs, USA |b Prentice-Hall |c 1971 |
| 300 | |a 305 páginas | ||
| 583 | |a last modification |c 20170422 00:05:00 |k Rodrigo Vera | ||
| 650 | 0 | |a Biología molecular |9 269677 | |
| 650 | 0 | |a Bioquímica |9 259492 | |
| 650 | 0 | |a Genética molecular |9 269770 | |
| 650 | 7 | |a MACROMOLECULAS |2 CL-VaPUC |9 313728 | |
| 942 | |c BK |2 ddc | ||
| 945 | |d 20170422 00:05:00 |a arojas | ||
| 952 | |0 0 |1 0 |2 ddc |3 erb |4 0 |6 571_600000000000000_WOL_1971 |7 0 |8 A |9 482916 |a BIBCUR |b BIBCUR |i 5388619 |o 571.6 WOL 1971 |p 5388619 |r 2025-04-22 |t 1 |w 2019-11-24 |y BK |z Catalogado en:20170422 |k BIO | ||